MARC

LEADER 00000nam0a2200000 4500
001 202312
005 20231031185323.0
010 |a 5020300152 
035 |a (RuTPU)RU\TPU\book\220468 
090 |a 202312 
100 |a 20111010d1991 k y0rusy50 ca 
101 0 |a rus 
102 |a RU 
105 |a a z 001zy 
200 1 |a Высокоразрешающая объемная сейсморазведка  |f Р. М. Бембель  |g Академия наук СССР (АН СССР), Сибирское отделение (СО), Институт проблем освоения Севера (ИПОС) ; под ред. С. В. Гольдина 
210 |a Новосибирск  |c Наука  |d 1991 
215 |a 152 с.  |c ил. 
320 |a Библиогр.: с. 148-151. 
610 1 |a сейсморазведка 
610 1 |a ловушки 
610 1 |a физико-геологические основы 
610 1 |a технологии 
610 1 |a обработка 
610 1 |a интерпретация 
610 1 |a геологические задачи 
675 |a 553.98:550.834  |v 3 
700 1 |a Бембель  |b Р. М.  |g Роберт Михайлович 
702 1 |a Гольдин  |b С. В.  |4 340 
712 0 2 |a Академия наук СССР (АН СССР)  |b Сибирское отделение (СО)  |b Институт проблем освоения Севера (ИПОС)  |c (Тюмень)  |2 stltpush  |3 (RuTPU)RU\TPU\col\14403 
801 1 |a RU  |b 63413507  |c 20111010 
801 2 |a RU  |b 63413507  |c 20111014  |g RCR 
942 |c BK